| 000 | 01140nac a22002891u 4500 | ||
|---|---|---|---|
| 090 | _c4260 | ||
| 008 | 090129t xxu||||| |||| 00| 0 eng d | ||
| 010 | _a 97002601 | ||
| 020 | _a0256166226 (acid-free paper) | ||
| 020 | _a0071159665 | ||
| 082 | 0 | 0 |
_a657.3 _bB8854 |
| 100 | _aBrownlee, E. Richard. | ||
| 245 | 1 | 0 |
_aCorporate financial reporting : _btext and cases / _cE. Richard Brownlee II, Kenneth R. Ferris, Mark E. Haskins. |
| 250 | _a3rd ed. | ||
| 260 |
_aBoston, Mass. : _bIrwin/McGraw-Hill, _cc1998. |
||
| 300 |
_axvi, 928 p. : _bill., maps ; _c25 cm. |
||
| 504 | _aIncludes bibliographical references and index. | ||
| 650 | 0 |
_aCorporations _xAccounting. |
|
| 650 | 0 | _aCorporation reports. | |
| 650 | 0 | _aFinancial statements. | |
| 650 | 0 |
_aCorporations _zUnited States _xAccounting _xCase studies. |
|
| 650 | 0 |
_aFinancial statements _zUnited States _xCase studies. |
|
| 700 | 1 | _aFerris, Kenneth R. | |
| 700 | 1 | _aHaskins, Mark E. | |
| 942 |
_cBB _k657.3B8854 _2ddc |
||
| 999 |
_c4260 _d4260 |
||